[Event "San Cristobal Bolivar op 1st"]
[Site "San Cristobal"]
[Date "2012.09.27"]
[Round "5"]
[White "Ynojosa Aponte, Angelica Maria"]
[Black "Llaudy Pupo, Lisandra"]
[Result "0-1"]
[WhiteElo "1820"]
[BlackElo "2264"]
[PlyCount "68"]
[EventDate "2012.09.25"]
[EventType "swiss"]
[EventRounds "10"]
[EventCountry "VEN"]
[SourceTitle "EXT 2013"]
[Source "ChessBase"]
[SourceDate "2012.11.22"]
[SourceVersion "1"]
[SourceVersionDate "2012.11.22"]
[SourceQuality "1"]

1. e4 Nf6 2. e5 Nd5 3. c4 Nb6 4. d4 d6 5. exd6 cxd6 6. Nf3 g6 7. Be2 Bg7 8. 0-0 0-0 9. Nc3 Nc6 10. h3 Bf5 11. Be3 d5 12. cxd5 Nxd5 13. Bc4 Nb6 14. Bb3 Rc8 15. a3 Na5 16. Ba2 Nac4 17. Qe2 h6 18. Rac1 Bd7 19. Rfd1 Nxe3 20. fxe3 Na4 21. Ne4 Rxc1 22. Rxc1 Bc6 23. Nc5 Nxc5 24. Rxc5 Be4 25. Nd2 b6 26. Rc1 Bb7 27. Nf3 e6 28. Qf2 Qd6 29. Bb1 Ba6 30. Re1 e5 31. dxe5 Bxe5 32. g4 Bxb2 33. Re2 Qd1+ 34. Kh2 Be5+ 0-1

[Event "BCF-chT2a 0910 (4NCL)"]
[Site "England"]
[Date "2010.01.16"]
[Round "3.8"]
[White "Ynojosa Aponte, Angelica Maria"]
[Black "Wallis, Ian J"]
[Result "0-1"]
[WhiteElo "1753"]
[BlackElo "1982"]
[PlyCount "52"]
[EventDate "2009.10.24"]
[EventType "team-tourn"]
[EventRounds "7"]
[EventCountry "ENG"]
[SourceTitle "EXT 2010"]
[Source "ChessBase"]
[SourceDate "2010.11.25"]
[SourceVersion "1"]
[SourceVersionDate "2010.11.25"]
[SourceQuality "1"]
[WhiteTeam "Barbican Youth"]
[BlackTeam "Anglian Avengers"]
[WhiteTeamCountry "ENG"]
[BlackTeamCountry "ENG"]

1. e4 e5 2. Bc4 Nf6 3. d3 Nc6 4. Nc3 Bb4 5. a3 Bxc3+ 6. bxc3 0-0 7. Bg5 h6 8. Bh4 d6 9. Ne2 Be6 10. Ba2 Bxa2 11. Rxa2 g5 12. Bg3 Ne7 13. Qd2 Ng6 14. h4 Nd7 15. hxg5 hxg5 16. Rh5 f6 17. Nc1 Kg7 18. Qe2 Nc5 19. Qf3 Qd7 20. Ne2 Rh8 21. Kd2 Rxh5 22. Qxh5 Rh8 23. Qf3 Rh1 24. Qe3 Qb5 25. f3 Qb1 26. c4 Rd1+ 0-1

[Event "BCF-chT2a 0809 (4NCL)"]
[Site "Hinckley Island"]
[Date "2008.10.05"]
[Round "2.8"]
[White "Tidman, Sophie E"]
[Black "Ynojosa Aponte, Angelica Maria"]
[Result "1-0"]
[WhiteElo "2095"]
[BlackElo "1725"]
[PlyCount "101"]
[EventDate "2008.10.04"]
[EventType "team-tourn"]
[EventRounds "7"]
[EventCountry "ENG"]
[SourceTitle "EXT 2010"]
[Source "ChessBase"]
[SourceDate "2010.11.25"]
[SourceVersion "1"]
[SourceVersionDate "2010.11.25"]
[SourceQuality "1"]
[WhiteTeam "Oxford"]
[BlackTeam "Barbican Youth"]
[WhiteTeamCountry "ENG"]
[BlackTeamCountry "ENG"]

1. e4 c5 2. Nf3 e6 3. d4 cxd4 4. Nxd4 a6 5. Bd3 Nf6 6. 0-0 d6 7. Nc3 Be7 8. Qe2 Qc7 9. Nb3 Nbd7 10. f4 0-0 11. Bd2 b6 12. Rae1 Nc5 13. f5 Nxd3 14. cxd3 exf5 15. exf5 Re8 16. Bg5 Bd7 17. Qd2 Bc6 18. Rc1 Qd7 19. Nd4 Bb7 20. a3 Ng4 21. h3 Bxg5 22. Qxg5 Nf6 23. b4 Rac8 24. b5 axb5 25. Ncxb5 Ba6 26. a4 Rc5 27. Qf4 Rd8 28. Rce1 Bb7 29. Re2 h6 30. Rfe1 Nd5 31. Qg3 Ba6 32. f6 g6 33. Nb3 Rcc8 34. Qh4 h5 35. Qg5 Qf5 36. Qxf5 gxf5 37. N3d4 Nxf6 38. Nxf5 Nd5 39. Nfxd6 Rc5 40. d4 Rc6 41. Re8+ Rxe8 42. Rxe8+ Kg7 43. Re5 Nf6 44. Nf5+ Kf8 45. Ne3 Rc1+ 46. Kh2 Ra1 47. Nc7 Bb7 48. Rb5 Rxa4 49. Rxb6 Ra3 50. Nf5 Be4 51. Rb8+ 1-0

[Event "BCF-chT4 0708 (4NCL)"]
[Site "England"]
[Date "2008.03.16"]
[Round "8.1"]
[White "Ynojosa Aponte, Angelica Maria"]
[Black "Dilleigh, Stephen P"]
[Result "1/2-1/2"]
[WhiteElo "1880"]
[BlackElo "2139"]
[PlyCount "123"]
[EventDate "2007.09.15"]
[EventType "team-swiss"]
[EventRounds "11"]
[EventCountry "ENG"]
[SourceTitle "EXT 2009"]
[Source "ChessBase"]
[SourceDate "2008.11.26"]
[SourceVersion "1"]
[SourceVersionDate "2008.11.26"]
[SourceQuality "1"]
[WhiteTeam "Conquistadors II"]
[BlackTeam "Bristol II"]
[WhiteTeamCountry "ENG"]
[BlackTeamCountry "ENG"]

1. e4 e6 2. d3 d5 3. Nd2 Nf6 4. Ngf3 Be7 5. g3 0-0 6. Bg2 c5 7. 0-0 Nc6 8. Re1 b5 9. b3 a5 10. c4 b4 11. Qc2 d4 12. Nf1 e5 13. Nxe5 Nxe5 14. f4 Nfd7 15. fxe5 Nxe5 16. Bf4 Bd6 17. Rad1 Bg4 18. Rd2 Qd7 19. Rf2 a4 20. Nd2 axb3 21. axb3 Ra3 22. Nf3 Qc7 23. Bc1 Ra6 24. Ref1 Rfa8 25. Nxe5 Bxe5 26. Rxf7 Qxf7 27. Rxf7 Kxf7 28. Bb2 Kg8 29. Qd2 h6 30. Qc2 R8a7 31. Bf1 Bf6 32. Be2 Bh3 33. Bf1 Ra1 34. Bxa1 Rxa1 35. Kf2 Rxf1+ 36. Ke2 Ra1 37. Qb2 Bg4+ 38. Kf2 Ra8 39. Kg2 Bg5 40. h3 Be6 41. g4 Be3 42. Kg3 g5 43. Qb1 Kg7 44. Qb2 Bf7 45. Qe2 Ra3 46. Qb2 h5 47. Qb1 hxg4 48. hxg4 Be6 49. Qb2 Ra8 50. Qb1 Bf4+ 51. Kf3 Be5 52. Qd1 Rf8+ 53. Kg2 Rf4 54. Qa1 Rxg4+ 55. Kf2 Rf4+ 56. Kg2 Rf7 57. Qa5 Rc7 58. Qa8 Rc8 59. Qa7+ Kf6 60. Qb6 g4 61. Qa7 Rc7 62. Qa8 1/2-1/2

[Event "BCF-chT4 0708 (4NCL)"]
[Site "England"]
[Date "2008.03.15"]
[Round "7.1"]
[White "Ynojosa Aponte, Angelica Maria"]
[Black "Evans, Craig"]
[Result "1/2-1/2"]
[WhiteElo "1880"]
[BlackElo "2031"]
[PlyCount "20"]
[EventDate "2007.09.15"]
[EventType "team-swiss"]
[EventRounds "11"]
[EventCountry "ENG"]
[SourceTitle "EXT 2009"]
[Source "ChessBase"]
[SourceDate "2008.11.26"]
[SourceVersion "1"]
[SourceVersionDate "2008.11.26"]
[SourceQuality "1"]
[WhiteTeam "Conquistadors II"]
[BlackTeam "Celtic Tigers II"]
[WhiteTeamCountry "ENG"]
[BlackTeamCountry "ENG"]

1. e4 e5 2. Bc4 Nf6 3. d3 c6 4. Nf3 d5 5. Bb3 Bd6 6. Nc3 dxe4 7. Nxe4 Nxe4 8. dxe4 0-0 9. 0-0 Bg4 10. h3 Bh5 1/2-1/2

[Event "BCF-chT4 0708 (4NCL)"]
[Site "England"]
[Date "2007.11.25"]
[Round "4.5"]
[White "Morris, Simon P"]
[Black "Ynojosa Aponte, Angelica Maria"]
[Result "1-0"]
[WhiteElo "1900"]
[BlackElo "1880"]
[PlyCount "57"]
[EventDate "2007.09.15"]
[EventType "team-swiss"]
[EventRounds "11"]
[EventCountry "ENG"]
[SourceTitle "EXT 2009"]
[Source "ChessBase"]
[SourceDate "2008.11.26"]
[SourceVersion "1"]
[SourceVersionDate "2008.11.26"]
[SourceQuality "1"]
[WhiteTeam "Poisoned Pawns II"]
[BlackTeam "Conquistadors II"]
[WhiteTeamCountry "ENG"]
[BlackTeamCountry "ENG"]

1. e4 c5 2. Nf3 e6 3. d4 cxd4 4. c3 dxc3 5. Nxc3 a6 6. Bc4 b5 7. Bb3 Bb7 8. Qe2 Qc7 9. 0-0 d6 10. Bf4 Nd7 11. Rac1 Nc5 12. Rfd1 Rc8 13. Bg3 Nf6 14. e5 dxe5 15. Nxe5 Qb6 16. Qe3 Be7 17. Bc2 Bd8 18. Bh4 Ncd7 19. Qe1 Nxe5 20. Qxe5 0-0 21. Rd3 Kh8 22. Rh3 Ng4 23. Qh5 f5 24. Bg3 h6 25. Bd1 Qc6 26. Bf3 Qb6 27. Bxg4 fxg4 28. Be5 gxh3 29. Qxh6+ 1-0

[Event "BCF-chT4 0708 (4NCL)"]
[Site "England"]
[Date "2007.11.24"]
[Round "3.5"]
[White "Ynojosa Aponte, Angelica Maria"]
[Black "Quinn, Joseph R"]
[Result "0-1"]
[WhiteElo "1880"]
[BlackElo "1758"]
[PlyCount "170"]
[EventDate "2007.09.15"]
[EventType "team-swiss"]
[EventRounds "11"]
[EventCountry "ENG"]
[SourceTitle "EXT 2009"]
[Source "ChessBase"]
[SourceDate "2008.11.26"]
[SourceVersion "1"]
[SourceVersionDate "2008.11.26"]
[SourceQuality "1"]
[WhiteTeam "Conquistadors II"]
[BlackTeam "Guildford V"]
[WhiteTeamCountry "ENG"]
[BlackTeamCountry "ENG"]

1. e4 e5 2. Nf3 Nc6 3. Bb5 a6 4. Ba4 Nf6 5. 0-0 Be7 6. d3 b5 7. Bb3 0-0 8. c3 d5 9. exd5 Nxd5 10. Re1 f6 11. c4 bxc4 12. dxc4 Ndb4 13. a3 Nd3 14. Re2 Nxc1 15. Qxc1 Bc5 16. h3 Qd3 17. Qd1 Qxd1+ 18. Bxd1 Nd4 19. Re1 a5 20. Nbd2 Bb7 21. Rc1 Rad8 22. Rb1 Nxf3+ 23. Nxf3 Bxf3 24. Bxf3 Rd2 25. Rf1 Rb8 26. Bd5+ Kf8 27. a4 Rbxb2 28. Rxb2 Rxb2 29. Bc6 g5 30. g4 Ke7 31. Kg2 h6 32. Bb5 e4 33. Kg1 Ke6 34. Bc6 Ke5 35. Bd5 Kf4 36. Bc6 Kf3 37. Bd5 Rxf2 38. Rxf2+ Bxf2+ 39. Kf1 Bc5 40. Ke1 Kf4 41. Bc6 e3 42. Bg2 Ke5 43. Ke2 Kd4 44. Bd5 Kc3 45. Bc6 Kxc4 46. Bb5+ Kc3 47. Bc6 Kd4 48. Bb7 Ke5 49. Kf3 Bd4 50. Bc6 Kd6 51. Bb5 c5 52. Bc4 Ke5 53. Bb3 e2 54. Kxe2 Kf4 55. Be6 Kg3 56. Bc4 Kxh3 57. Kf3 Kh2 58. Bd3 Kh3 59. Be4 c4 60. Bf5 Kh2 61. Be4 Kg1 62. Ke2 c3 63. Kd3 Be5 64. Ke2 Bf4 65. Kd3 Kf2 66. Kxc3 Kg3 67. Bf5 Kh4 68. Kd3 h5 69. gxh5 Kxh5 70. Ke2 g4 71. Kf2 Kg5 72. Bd3 Be5 73. Kg2 Kf4 74. Be2 f5 75. Bd3 Kg5 76. Kf2 f4 77. Bf1 Bd4+ 78. Kg2 f3+ 79. Kg3 Be5+ 80. Kf2 Kf4 81. Kg1 g3 82. Bh3 Ke4 83. Kf1 Kd4 84. Bg4 Ke4 85. Kg1 Bd4+ 0-1

[Event "BCF-chT4 0607 (4NCL)"]
[Site "Sunningdale"]
[Date "2007.05.27"]
[Round "10.172"]
[White "Wilson, David"]
[Black "Ynojosa Aponte, Angelica Maria"]
[Result "1/2-1/2"]
[WhiteElo "1740"]
[BlackElo "1825"]
[PlyCount "102"]
[EventDate "2006.09.16"]
[EventType "team"]
[EventRounds "11"]
[EventCountry "ENG"]
[SourceTitle "EXT 2008"]
[Source "ChessBase"]
[SourceDate "2007.11.25"]
[SourceVersion "1"]
[SourceVersionDate "2007.11.25"]
[SourceQuality "1"]
[WhiteTeam "Athenaeum II"]
[BlackTeam "Conquistadors II"]
[WhiteTeamCountry "ENG"]
[BlackTeamCountry "ENG"]

1. e4 c5 2. Nf3 e6 3. d4 cxd4 4. Nxd4 a6 5. Nc3 Qc7 6. Bd3 Nf6 7. Be3 Be7 8. a3 d6 9. 0-0 0-0 10. f4 Nc6 11. h3 Na5 12. Qe2 b5 13. Rf3 Bb7 14. Rg3 Rfe8 15. Qf2 Nc4 16. Rb1 Nxa3 17. Ra1 Nc4 18. Bxc4 Qxc4 19. e5 Nd7 20. Rd1 Bh4 21. Rxg7+ Kxg7 22. Qxh4 Kh8 23. exd6 Rg8 24. Rd2 Rae8 25. Nb3 Rg6 26. Na5 Qc8 27. Nxb7 Qxb7 28. g4 Qf3 29. Rf2 Qxe3 30. g5 f6 31. Kf1 fxg5 32. Rg2 Qxf4+ 33. Qxf4 gxf4 34. Ne4 Rxg2 35. Kxg2 Rg8+ 36. Kf3 e5 37. Kf2 Rc8 38. c3 Kg7 39. b4 Kf7 40. Ke2 h6 41. Kd3 Ke6 42. h4 Nf6 43. Nc5+ Kxd6 44. Nxa6 Nd7 45. h5 Ra8 46. Nc5 Nxc5+ 47. bxc5+ Kxc5 48. Ke4 Kd6 49. Kf3 Ra3 50. Ke4 Rxc3 51. Kf5 f3 1/2-1/2